| 000 | 00680nam a2200241 a 4500 | ||
|---|---|---|---|
| 001 | 000017647 | ||
| 003 | DO-SdBNP | ||
| 005 | 20250224092406.0 | ||
| 007 | ta | ||
| 008 | 100329s1998 da a e 001 0 1 a spa | ||
| 020 | _a8484002942 | ||
| 040 |
_aDO-SdBNP _bspa _cBNPHU |
||
| 049 | _aBNPD | ||
| 082 | 4 |
_a868.44 _bH428p _222 |
|
| 100 | 1 |
_aHaza, Orlando _914838 |
|
| 245 | 1 | 0 |
_aPaverías, nostalgias y algunos temas serios / _cOrlando Haza. |
| 260 |
_aSanto Domingo : _bTaller, _c1998. |
||
| 300 |
_a342 p. : _bil. ; _c23 cm. |
||
| 500 | _aIncluye datos biográficos del autor en la contracubierta. | ||
| 590 | _aInventariado, 2021/BT | ||
| 910 | _aBtavárez | ||
| 942 |
_2ddc _cLBS1 |
||
| 999 |
_c17172 _d17172 |
||